000 00437nam a2200133Ia 4500
008 100328s9999 xx 000 0 und d
082 _b48712
100 _aसोनवणी संजय
245 _aमीच मांडीन खेळ माझा
260 _bपुष्प
630 _aमीच मांडीन खेळ माझा
730 _aमीच मांडीन खेळ माझा
942 _cBOOK
999 _c536292
_d536289